000 02056cab a2200229 4500
001 ##L135152
008 061002n2006 000 0 eng u
035 _a(Sirsi) u135152
041 0 _aeng
245 0 0 _aR v Bridgend County Borough Council ex p Island Farm Development Ltd
260 _c2006
520 _a[2006] EWHC 2189 (Admin), 25 August 2006. Considers whether a local authority's decision not to sell land to a developer was vitiated by predetermination and bias. I sought to purchase from B a site earmarked for employment usage which adjoined land it had permission to develop in order to facilitate its development plans. Both parties entered into negotiations but no agreement was reached before upcoming local elections took place. The new administration froze all sales of land pending review which determined not sell the land to I so as to preserve future employment opportunities. I contended that B's decision not to sell had not been made on the merits of the case and was predetermined and biased: B had opposed the instant development in its election manifesto and some councillors had been involved with local actions groups against the development. "Held": application refused. B had considered all relevant matters without preconception and councillors were entitled to apply policies that formed part of an election manifesto. B had not acted irrationally in following the review's advice which was consistent, did not contain errors of act or material omissions.
590 _aIKA031006
650 2 4 _aR V BRIDGEND COUNTY BC EX P ISLAND FARM DEVELOPMENT LTD
650 2 4 _aR V BURY SCHOOL ORGANISATION COMMITTEE EX P LOUDEN
650 2 4 _aR V WALTHAM FOREST LBC EX P BAXTER
650 2 4 _aR V AMBER VALLEY DC EX P JACKSON
651 4 _aEngland and Wales
_y1543-
690 _aENVIRONMENTAL AND LAND CONSULTANCY-PLANNING AND DEVELOPMENT-DEVELOPMENT CONTROL-PLANNING APPLICATIONS
856 4 0 _uhttps://www.bailii.org/ew/cases/EWHC/Admin/2006/2189.html
_zView the judgment free of charge at www.bailii.org...
942 _n0
999 _c77806
_d77806